| 000 | 00531nam a2200145Ia 4500 | ||
|---|---|---|---|
| 008 | 090124s9999 xx 000 0 und d | ||
| 082 | _b203237 | ||
| 245 | _a भाऊ साहेब डॉ. पंजाबराव देशमुख | ||
| 250 | _a1 | ||
| 260 |
_bकडवे रघुनाथ _c1986 |
||
| 300 | _a187 | ||
| 630 | _a भाऊ साहेब डॉ. पंजाबराव देशमुख | ||
| 730 | _a भाऊ साहेब डॉ. पंजाबराव देशमुख | ||
| 942 | _cBOOK | ||
| 999 |
_c184818 _d184818 |
||